| 000 | 00800cam a22002653a 4500 | ||
|---|---|---|---|
| 001 | 9548 | ||
| 003 | PGUSA | ||
| 005 | 20140828083213.0 | ||
| 008 | 060109s2006||||xxu|||||s|||||000 | eng d | ||
| 040 |
_aPGUSA _beng |
||
| 042 | _adc | ||
| 050 | 4 | _aPQ | |
| 050 | 4 | _aCT | |
| 100 | 1 |
_aSandars, Mary Frances, _d1864- |
|
| 245 | 1 | 0 |
_aHonore de Balzac, His Life and Writings _h[electronic resource] / _cMary Frances Sandars |
| 260 |
_bProject Gutenberg, _c2006 |
||
| 506 | _aPublic domain in the USA. | ||
| 516 | _aElectronic text | ||
| 653 | _aNovelists, French -- 19th century -- Biography | ||
| 653 | _aBalzac, Honoré de, 1799-1850 | ||
| 740 | 0 | _aHonoré de Balzac, His Life and Writings | |
| 830 | 0 |
_aProject Gutenberg _v9548 |
|
| 856 | 4 | 0 | _uhttp://www.gutenberg.org/ebooks/9548 |
| 942 | _cEB | ||
| 999 |
_c238804 _d238804 |
||